Normal view
MARC view
Entry Topical Term
001 - CONTROL NUMBER
- control field: 4889
003 - CONTROL NUMBER IDENTIFIER
- control field: OSt
005 - DATE AND TIME OF LATEST TRANSACTION
- control field: 20190429142225.0
008 - FIXED-LENGTH DATA ELEMENTS
- fixed length control field: 190429|| aca||aabn | a|a d
040 ## - CATALOGING SOURCE
- Original cataloging agency: OSt
- Transcribing agency: OSt
150 ## - HEADING--TOPICAL TERM
- Topical term or geographic name entry element: Jon engagement
670 ## - SOURCE DATA FOUND
- Source citation: Work cat.: (OSt): Chhajer, Raina 4888, Role of self-efficacy optimism and job engagement in positive change: evidence from the Middle East, 2018
